Statistics for 3 biggest cities by country (Africa)

Click here to take the quiz!

General Stats

  • This quiz has been taken 382 times
    (187 since last reset)
  • The average score is 17 of 24

Answer Stats

Answer% Correct
Cape Town
99%
Johannesburg
99%
Nairobi
98%
Cairo
97%
Lagos
95%
Alexandria
94%
Algiers
94%
Casablanca
94%
Kinshasa
94%
Dar es Salaam
91%
Rabat
91%
Abuja
85%
eThekwini
84%
Fes
82%
Mombasa
80%
Kano
76%
Oran
63%
Giza
60%
Lubumbashi
47%
Constantine
37%
Mbuji-Mayi
27%
Arusha
20%
Mwanza
20%
Kisumu
12%

Score Distribution

Percentile by Number Answered

Percent of People with Each Score

Your Score History

You have not taken this quiz since the last reset